000 00764nam a22002297a 4500
003 OSt
005 20250506143238.0
008 250506s1886 bl ||||fr|||| 00| 0 por d
040 _aCENDOC CAAAP
_bspa
_cCAAAP
041 _apor
050 _aFE 43.W
_bG21
100 1 _95458
_aGallois, Dominique Tilkin
245 1 0 _aMigração, guerra e comércio :
_bos Waiapi na Guiana /
_cDominique Tilkin, Gallois
250 0 _a1ra. edición
260 1 _aSao Paulo, Brasil :
_bFFLCH-USP,
_c1986
300 _a348 páginas ;
_c17 cm
490 1 _aAntropologia
_v15
650 0 _9329
_aAntropología
_zBrasil
650 0 _91924
_aConflictos Sociales
_xIndigenas
_zBrasil
856 _uhttps://acervo.socioambiental.org/sites/default/files/documents/wal00003.pdf
942 _2lcc
_cBK
999 _c3979
_d3979